Psicología del pueblo español / (Record no. 22630)

MARC details
000 -LEADER
campo de control de longitud fija 00566nam a2200193 i 4500
001 - NÚMERO DE CONTROL
campo de control 22630
003 - IDENTIFICADOR DE NÚMERO DE CONTROL
campo de control ES-MaACL
005 - FECHA Y HORA DE LA ÚLTIMA TRANSACCIÓN
campo de control 20230906152730.0
007 - CAMPO FIJO DE DESCRIPCIÓN FÍSICA--INFORMACIÓN GENERAL
campo de control de longitud fija t|
008 - DATOS DE LONGITUD FIJA--INFORMACIÓN GENERAL
campo de control de longitud fija 021204q1917 sp ||||1| spa d
100 1# - ENTRADA PRINCIPAL--NOMBRE DE PERSONA
Nombre de persona Altamira, Rafael,
Fechas asociadas al nombre 1866-1951
9 (RLIN) 20515
245 10 - MENCIÓN DEL TÍTULO
Título Psicología del pueblo español /
Mención de responsabilidad, etc. Rafael Altamira.
250 ## - MENCION DE EDICION
Mención de edición 2ª ed., corr. y aum.
260 ## - PUBLICACIÓN, DISTRIBUCIÓN, ETC.
Lugar de publicación, distribución, etc. Barcelona :
Nombre del editor, distribuidor, etc. Minerva,
Fecha de publicación, distribución, etc. 1917? (
Fabricante Dalmau Yuste)
300 ## - DESCRIPCIÓN FÍSICA
Extensión 340 p. ;
Dimensiones 18 cm.
650 04 - PUNTO DE ACCESO ADICIONAL DE MATERIA--TÉRMINO DE MATERIA
Término de materia o nombre geográfico como elemento de entrada Españoles-
Subdivisión general Psicología.
9 (RLIN) 12477
852 ## - LOCALIZACIÓN
Ubicación ES-MaACL
Número de control de estantería D-4903
Holdings
Estatus retirado Estado de pérdida Estado de daño No para préstamo Biblioteca de origen Biblioteca actual Ubicación en estantería Fecha de adquisición Fuente de adquisición Total de préstamos Signatura topográfica completa Código de barras Visto por última vez Precio de reemplazo Tipo de ítem Koha
        Biblioteca del Ateneo de Madrid Biblioteca del Ateneo de Madrid Sala Valle Inclán 17/01/2008     D-4903 901023298 23/02/2023 23/02/2023 Libro impreso